Caracterización de los Desechos Sólidos y Diseño del Relleno Sanitario de la Ciudad de Diriamba, Nicaragua 2002-2003
El presente estudio tiene como principal objetivo diseñar un relleno sanitario, tomando en cuenta aspectos técnicos, organizativos y financieros de la Ciudad de Diriamba.
| Main Authors: | , , |
|---|---|
| Other Authors: | |
| Format: | Tesis Section = Libro |
| Language: | Undetermined Spanish |
| Published: |
Managua
UNI
2003
|
| Subjects: |
| LEADER | 01006nam a2200253Ia 4500 | ||
|---|---|---|---|
| 008 | 240830s9999 xx 000 0 und d | ||
| 040 | |a BIBLIOTECA-RUPAP Mon 628.445 L431 | ||
| 041 | |a spa | ||
| 082 | |a Mon 628.445 L431 | ||
| 100 | 1 | |a Lazo López, Zeneyda Janeth | |
| 100 | 1 | |b Maltez Moreno, Francisco Leonel. | |
| 100 | 1 | |c Ríos Martínez, David | |
| 245 | 1 | 0 | |a Caracterización de los Desechos Sólidos y Diseño del Relleno Sanitario de la Ciudad de Diriamba, Nicaragua 2002-2003 |
| 260 | |a Managua |b UNI |c 2003 | ||
| 300 | |a 229 p. :il. | ||
| 500 | |a Contiene: anexos. | ||
| 502 | |a Tesis (Ingeniero Civil)- UNI, 2003. | ||
| 520 | 3 | |a El presente estudio tiene como principal objetivo diseñar un relleno sanitario, tomando en cuenta aspectos técnicos, organizativos y financieros de la Ciudad de Diriamba. | |
| 650 | 7 | |a DESECHOS - INGENIERIA SANITARIA | |
| 650 | 7 | |b SANIDAD PÚBLICA - DESECHOS. | |
| 700 | 1 | |a Tutor: |b Moreno Ayestas, Sandra | |
| 942 | |c BK |2 ddc | ||
| 991 | |a TESIS | ||
| 999 | |c 16431 | ||